000
00253nam a2200097Ia 4500
001
970259
005
20250826220506.0
008
250824s9999 xx 000 0 und d
245
0
_a
DEDEMİN BAKKALI ÇIRAK
_c
ŞERMİN YAŞAR
260
_b
TAZE KİTAP YAYINLARI
999
_c
970259
_d
970259